000 00346nam a2200133Ia 4500
008 231129s1988||||xx |||||||||||||| ||spa||
040 _bspa
082 _a937.01 F995c
100 _aFustel de Coulanges Numa Dionisio
245 0 _aLa ciudad antigua
260 _c1988
264 _aBogotá Colombia : Ediciones Universales
942 _2ddc
_cBKS
999 _c16634
_d16634